[Event "FRA-ch Blitz Online Qual"]
[Site "Europe Echecs INT"]
[Date "2020.05.16"]
[Round "14"]
[White "Akopian, Edwin"]
[Black "Cocogne, Ludovic"]
[Result "1-0"]
[WhiteElo "1706"]
[BlackElo "1924"]
[PlyCount "71"]
[EventDate "2020.05.16"]
[EventType "swiss (blitz)"]
[EventRounds "15"]
[EventCountry "FRA"]
[SourceTitle "CBM 196 Extra"]
[Source "ChessBase"]
[SourceDate "2020.07.31"]
[SourceVersion "1"]
[SourceVersionDate "2020.07.31"]
[SourceQuality "1"]

1. d4 Nf6 2. c4 c5 3. d5 e6 4. Nc3 exd5 5. cxd5 d6 6. e4 g6 7. Nf3 Bg7 8. Bf4 0-0 9. h3 a6 10. a4 Nbd7 11. Be2 Nb8 12. Nd2 Ne8 13. 0-0 Nd7 14. Nc4 Ne5 15. Nxe5 dxe5 16. Be3 b6 17. a5 Nd6 18. axb6 Qxb6 19. Na4 Qd8 20. Bxc5 Re8 21. f3 f5 22. Nb6 Rb8 23. Bxa6 Bxa6 24. Rxa6 fxe4 25. fxe4 Nxe4 26. Be3 Qd6 27. Qc2 Nf6 28. Qc6 Qxc6 29. dxc6 Ne4 30. c7 Rbc8 31. Nxc8 Rxc8 32. Rc6 Bf8 33. Rd1 Nf6 34. Rxf6 Kg7 35. Rc6 Bb4 36. Rd8 1-0